Ginecología / (Registro nro. 251)
[ vista simple ]
| 000 -LEADER | |
|---|---|
| fixed length control field | 00719 am a2200229 a 4500 |
| 005 - FECHA ULTIMA MODIFICACION | |
| control field | 20231227075215.0 |
| 008 - CAMPO DE CONTROL (LIBRO) | |
| fixed length control field | 100413s1984||||ag a f |||| 001 0 spa d |
| 020 ## - INTERNATIONAL STANDARD BOOK NUMBER | |
| ISBN | 9500603462 |
| 041 ## - CODIGO DE IDIOMA | |
| Código de idioma del texto/pista de sonido o título separado | spa |
| 092 ## - SIGNATURA TOPOGRAFICA DEWEY LOCAL | |
| número de clasificación | 618.1 |
| libristica | 10 |
| sección | CAL |
| 100 1# - ENTRADA PRINCIPAL--NOMBRE PERSONAL | |
| Nombre personal | Calatroni, Carlos J. |
| 9 (RLIN) | 273 |
| 245 ## - TITULO PROPIAMENTE DICHO | |
| Título | Ginecología / |
| Mención de responsabilidad y remanente de la transcripción de la portada | Carlos J. Calatroni. |
| 250 ## - MENCION DE EDICION | |
| Mención de edición | 2a ed. |
| 260 ## - PIE DE IMPRENTA | |
| Lugar de publicación, distribución, etc | Buenos Aires: |
| Nombre de la editorial, distribuidor, etc | Editorial Médica Panamericana; |
| Fecha de publicación | 1984. |
| 300 ## - DESCRIPCION FISICA | |
| Extension | 512 p. |
| 500 ## - NOTA GENERAL | |
| Nota general | Calatroni, C. J. y Ruíz, V. (Col.). (1984). Ginecología. (2a ed.). Buenos Aires : Editorial Médica Panamericana. |
| 590 ## - NOTAS LOCALES (RLIN) | |
| Nota local | Donación Adriana A. Feltri, 2007 |
| 653 ## - TÉRMINO INDIZADO - PALABRAS CLAVES | |
| Palabra clave | Ginecología |
| 700 1# - ENTRADAS SECUNDARIAS - NOMBRE PERSONAL | |
| Nombre personal | Ruíz, Vicente. |
| 9 (RLIN) | 274 |
| 930 ## - NUMERO DE INVENTARIO | |
| Número de inventario | 1832 |
| 942 ## - ADDED ENTRY ELEMENTS (KOHA) | |
| Source of classification or shelving scheme | Dewey Decimal Classification |
| Item type | Libros |
| Estado de retiro | Existencia | Fuente de clasificación | Estado general | No para prestamo | Ubicación permanente | ubicación actual | Sala de ubicación | Fecha de adquisición | Total Checkouts | Número de clasificación | Código de barras | Date last seen | Date last borrowed | Número de ejemplar | Price effective from | Koha tipo de elemento (item) | Public note | Uso restringido |
|---|---|---|---|---|---|---|---|---|---|---|---|---|---|---|---|---|---|---|
| Dewey Decimal Classification | Biblioteca Medicina | Biblioteca Medicina | Circulación | 06/09/2011 | 1 | 618.1 10 CAL | TR138 | 23/08/2018 | 21/08/2018 | Copia | 06/09/2011 | Libros | Fotocopia | |||||
| Dewey Decimal Classification | Biblioteca Medicina | Biblioteca Medicina | Circulación | 07/09/2011 | 1 | 618.1 10 CAL | TR114 | 06/11/2014 | 20/08/2014 | Copia | 07/09/2011 | Libros | Fotocopia | |||||
| Dewey Decimal Classification | Biblioteca Medicina | Biblioteca Medicina | Circulación | 07/09/2011 | 618.1 10 CAL | TR146 | 06/11/2014 | Copia | 07/09/2011 | Libros | Fotocopia | |||||||
| Dewey Decimal Classification | Biblioteca Medicina | Biblioteca Medicina | Circulación | 07/09/2011 | 1 | 618.1 10 CAL | TR154 | 19/03/2015 | 19/03/2015 | Copia | 07/09/2011 | Libros | Fotocopia | |||||
| Dewey Decimal Classification | Not For Loan | Biblioteca Medicina | Biblioteca Medicina | 05/04/2019 | 1832 | 05/04/2019 | Ej. 2 | 05/04/2019 | Libros | Baja | Restricted Access |